000 00347 a2200157 4500
001 160678
020 _a
040 _cMagnum
100 _a-
240 1 0 _aOs tres porquinhos/ftd/contos de sempre
_lpor
245 1 0 _aOs tres porquinhos/ftd/contos de sempre
362 0 _a1899
440 1 _aFTD
697 _aIJ/FADAS, FANTASIA
942 _cBK
999 _c160678
_d160678